[Event "España ch Sel. Autonomicas"]
[Site "Calvia ESP"]
[Date "2007.05.05"]
[Round "5.32"]
[White "Roa Alonso, Santiago"]
[Black "Rodriguez Guerrero, Enrique"]
[Result "1/2-1/2"]
[PlyCount "32"]
[EventDate "2007.05.03"]
[EventType "team"]
[EventRounds "5"]
[EventCountry "ESP"]
[Source "lmi"]
[SourceDate "2007.05.03"]
[WhiteElo "2423"]
[BlackElo "2446"]

1. e4 c5 2. Nf3 e6 3. d4 cxd4 4. Nxd4 Nc6 5. Nc3 Qc7 6. Be3 a6 7. Bd3 Nf6 8.
O-O Nxd4 9. Bxd4 Bc5 10. Bxc5 Qxc5 11. Na4 Qc7 12. c4 d6 13. Rc1 Bd7 14. Nc3
O-O 15. Qd2 Qc5 16. Rfd1 Rfd8 1/2-1/2

[Event "España ch Sel. Autonomicas"]
[Site "Calvia ESP"]
[Date "2007.05.05"]
[Round "5.33"]
[White "Camacho Collados, Jose"]
[Black "Candela Perez, Jose"]
[Result "1/2-1/2"]
[PlyCount "90"]
[EventDate "2007.05.03"]
[EventType "team"]
[EventRounds "5"]
[EventCountry "ESP"]
[Source "lmi"]
[SourceDate "2007.05.03"]
[WhiteElo "2308"]
[BlackElo "2390"]

1. e4 c5 2. Nf3 d6 3. d4 cxd4 4. Nxd4 Nf6 5. Nc3 a6 6. Be2 Nbd7 7. O-O Nc5 8.
f3 e6 9. Be3 Qc7 10. a4 b6 11. Qd2 Be7 12. Rfd1 O-O 13. b4 Ncd7 14. b5 Ne8 15.
bxa6 Bxa6 16. Ncb5 Qc8 17. Kh1 Bb7 18. Nb3 Nc5 19. a5 Nxb3 20. cxb3 bxa5 21.
Rxa5 Rxa5 22. Qxa5 f5 23. exf5 Rxf5 24. Rc1 Qd7 25. Qb6 Bd8 26. Nc7 Bc8 27. Bb5
Rxb5 28. Qxb5 Bxc7 29. Qc4 d5 30. Qc5 e5 31. b4 Ba6 32. Qa7 Bc4 33. Bb6 Qc6 34.
Bxc7 Nxc7 35. Qb8+ Kf7 36. h3 h6 37. Ra1 Ba6 38. Qa7 Kg8 39. Ra5 Bb5 40. Qb8+
Kh7 41. Ra7 Qc1+ 42. Kh2 Qf4+ 43. Kh1 Qc1+ 44. Kh2 Qf4+ 45. Kh1 Qc1+ 1/2-1/2

[Event "España ch Sel. Autonomicas"]
[Site "Calvia ESP"]
[Date "2007.05.05"]
[Round "5.34"]
[White "Gallardo Garcia, Andres"]
[Black "Fernandez Siles, Luis"]
[Result "1-0"]
[PlyCount "92"]
[EventDate "2007.05.03"]
[EventType "team"]
[EventRounds "5"]
[EventCountry "ESP"]
[Source "lmi"]
[SourceDate "2007.05.03"]
[WhiteElo "2340"]
[BlackElo "2266"]

1. e4 e5 2. Nf3 Nc6 3. Bb5 a6 4. Bxc6 dxc6 5. O-O Bg4 6. h3 h5 7. d3 Qf6 8. Be3
Bxf3 9. Qxf3 Qxf3 10. gxf3 Bd6 11. Nd2 Ne7 12. Nc4 Ng6 13. Kh2 f6 14. Rg1 Kf7
15. Rg3 Nf8 16. f4 exf4 17. Nxd6+ cxd6 18. Bxf4 Rd8 19. Be3 g6 20. Rag1 Rg8 21.
f4 Ne6 22. Kg2 f5 23. Kf3 d5 24. Bb6 dxe4+ 25. dxe4 fxe4+ 26. Kxe4 Rd5 27. Be3
Re8 28. Kf3 Rd6 29. R3g2 Ng7 30. Rd2 Rxd2 31. Bxd2 Nf5 32. c3 Rd8 33. Ke2 h4
34. Be1 Re8+ 35. Kd2 Re3 36. Bxh4 Rxh3 37. Bg5 Rh2+ 38. Kc1 Ne3 39. Re1 Rh3 40.
b3 b5 41. Kd2 Nd5 42. c4 bxc4 43. bxc4 Nf6 44. Kc2 Ra3 45. Kb2 Rd3 46. Re5 Rd4
1-0

[Event "España ch Sel. Autonomicas"]
[Site "Calvia ESP"]
[Date "2007.05.05"]
[Round "5.35"]
[White "Camacho Collados, Marcos"]
[Black "Rubio Mejia, Luis Ignacio"]
[Result "1-0"]
[PlyCount "147"]
[EventDate "2007.05.03"]
[EventType "team"]
[EventRounds "5"]
[EventCountry "ESP"]
[Source "lmi"]
[SourceDate "2007.05.03"]
[WhiteElo "2180"]
[BlackElo "2265"]

1. e4 c5 2. Nf3 d6 3. d4 cxd4 4. Nxd4 Nf6 5. Nc3 a6 6. Be2 e5 7. Nb3 Be7 8. O-O
O-O 9. Kh1 b6 10. Be3 Bb7 11. f3 Nbd7 12. a4 Rc8 13. Rf2 h6 14. Bf1 Qc7 15. Rd2
Rfd8 16. Qe1 Nc5 17. Rad1 Qc6 18. Nxc5 dxc5 19. Qg3 Qe6 20. b3 Rxd2 21. Rxd2
Nh5 22. Qf2 Rc7 23. Bc4 Qf6 24. Bd5 Bc8 25. Bc4 Bb7 26. Nd5 Bxd5 27. Rxd5 Nf4
28. Bxf4 Qxf4 29. Qd2 Qxd2 30. Rxd2 b5 31. axb5 axb5 32. Bxb5 Ra7 33. g3 Ra2
34. h4 h5 35. Rd7 Kf8 36. Rc7 g6 37. Bd3 Ra1+ 38. Kg2 Rd1 39. Kf2 Rd2+ 40. Kf1
Rd1+ 41. Ke2 Rg1 42. Kf2 Ra1 43. Rd7 Rc1 44. Rd5 f6 45. Rd7 Ke8 46. Rb7 Kf8 47.
Rd7 Ke8 48. Bb5 Kf8 49. Rd2 Kg7 50. Kg2 Kf8 51. Be2 Kg7 52. Bd1 Kf7 53. f4 Ke6
54. Be2 f5 55. Bc4+ Kf6 56. fxe5+ Kxe5 57. exf5 Kxf5 58. Kf3 Kf6 59. Re2 Bf8
60. Re6+ Kf5 61. Re8 Bh6 62. Bd3+ Kf6 63. Rc8 Bg7 64. Rxc5 Bf8 65. Rc6+ Ke5 66.
Bxg6 Kd5 67. Rc4 Bd6 68. Bf7+ Ke5 69. Bxh5 Kf6 70. Kg2 Re1 71. Bf3 Re7 72. g4
Rg7 73. g5+ Kf5 74. b4 1-0

[Event "España ch Sel. Autonomicas"]
[Site "Calvia ESP"]
[Date "2007.05.05"]
[Round "5.36"]
[White "Pascual Palomo, Lucia"]
[Black "Velandrino Gomez, Maria Cielo"]
[Result "1/2-1/2"]
[PlyCount "100"]
[EventDate "2007.05.03"]
[EventType "team"]
[EventRounds "5"]
[EventCountry "ESP"]
[Source "lmi"]
[SourceDate "2007.05.03"]
[WhiteElo "2112"]
[BlackElo "2034"]

1. e4 e6 2. d4 d5 3. Nc3 Nf6 4. Bg5 Be7 5. exd5 Nxd5 6. Bxe7 Qxe7 7. Qd2 O-O 8.
Bd3 Nc6 9. Nge2 Bd7 10. Ne4 e5 11. c4 Ndb4 12. O-O Nxd3 13. Qxd3 exd4 14. Nxd4
Nxd4 15. Qxd4 Bc6 16. Ng3 Rfe8 17. h3 Qe5 18. Qd2 Rad8 19. Qc2 g6 20. Rad1 h5
21. Rxd8 Rxd8 22. Rd1 Rxd1+ 23. Qxd1 Qxb2 24. Qd8+ Kg7 25. Qxc7 Qc1+ 26. Nf1
Qxc4 27. Qe5+ Kh7 28. Qb2 Qe4 29. Ne3 Qe6 30. Qa3 a6 31. Qb2 f5 32. Nf1 Qe4 33.
f3 Qe7 34. Qc3 Qe6 35. a3 b5 36. Qc5 Bd5 37. Qc7+ Qf7 38. Qd6 Qb7 39. Kh2 a5
40. Ne3 Bf7 41. Nc2 Qd5 42. Qc7 Qc4 43. Qe7 Qxc2 44. Qxf7+ Kh6 45. Qf8+ Kh7 46.
Qe7+ Kh6 47. Qe3+ Kg7 48. Qa7+ Kh6 49. Qxa5 Qc6 50. Qd2+ Kg7 1/2-1/2

[Event "España ch Sel. Autonomicas"]
[Site "Calvia ESP"]
[Date "2007.05.05"]
[Round "5.41"]
[White "Garcia Romero, Benjamin Abel"]
[Black "Llaneza Vega, Marcos"]
[Result "1-0"]
[WhiteElo "2263"]
[BlackElo "2455"]
[PlyCount "173"]
[EventDate "2007.05.03"]
[EventType "team"]
[EventRounds "5"]
[EventCountry "ESP"]
[Source "lmi"]
[SourceDate "2007.05.03"]

1. c4 Nf6 2. Nc3 e5 3. g3 Nc6 4. Bg2 g6 5. e3 Bg7 6. Nge2 O-O 7. O-O d6 8. b3
Be6 9. d4 exd4 10. Nxd4 Nxd4 11. exd4 d5 12. Ba3 Re8 13. Rc1 c6 14. cxd5 Bxd5
15. Nxd5 Nxd5 16. Qd2 Qd7 17. Rfd1 Rad8 18. h3 h5 19. Rc5 Qe6 20. Qc1 a6 21.
Bb2 Bf8 22. Rc4 Kh7 23. h4 Qf5 24. Re1 Bh6 25. Qd1 Qg4 26. Kf1 Rxe1+ 27. Qxe1
Rd6 28. Rc2 Rf6 29. Kg1 Re6 30. Qf1 Qf5 31. Rc5 Re8 32. Bc1 Bf8 33. Rc4 Nb6 34.
Rc3 Qa5 35. Re3 Rd8 36. Qe2 Rxd4 37. Re5 c5 38. Bb2 Qxa2 39. Bxd4 Qxe2 40. Rxe2
cxd4 41. Bxb7 a5 42. Re5 Bb4 43. Rb5 Nd7 44. Bf3 Nc5 45. Bd1 Kg7 46. Kg2 Kf6
47. Rb8 d3 48. Kf3 Ke5 49. Ke3 d2 50. Rd8 Ke6 51. Rd4 Ke5 52. f3 f5 53. Rd8 Ne6
54. Re8 Kf6 55. Ra8 Ke5 56. Re8 Kf6 57. Rc8 Ke5 58. Rc4 Kf6 59. g4 hxg4 60.
fxg4 g5 61. gxf5 Kxf5 62. h5 Nf8 63. Bg4+ Kf6 64. Rc6+ Kf7 65. Ke2 Kg7 66. h6+
Kh8 67. Bf5 Kg8 68. Rc7 Kh8 69. Rg7 Bc3 70. Rxg5 Bf6 71. Rg4 Nh7 72. Rc4 Nf8
73. Rc8 Be7 74. Re8 Bb4 75. Ra8 Kg8 76. Ra7 Bc3 77. Kd1 Kh8 78. Kc2 Bb4 79. Rg7
Bd6 80. Rg4 Nh7 81. Rd4 Bb4 82. Rd8+ Nf8 83. Rb8 Kg8 84. Rxb4 axb4 85. Kxd2 Kf7
86. Kd3 Kf6 87. h7 1-0

[Event "España ch Sel. Autonomicas"]
[Site "Calvia ESP"]
[Date "2007.05.05"]
[Round "5.42"]
[White "Gonzalez Menendez, Ivan"]
[Black "Figuero Toro, Julian"]
[Result "1/2-1/2"]
[WhiteElo "2401"]
[BlackElo "2249"]
[PlyCount "105"]
[EventDate "2007.05.03"]
[EventType "team"]
[EventRounds "5"]
[EventCountry "ESP"]
[Source "lmi"]
[SourceDate "2007.05.03"]

1. e4 c5 2. Nf3 Nc6 3. Nc3 d6 4. d4 cxd4 5. Nxd4 Nf6 6. Bg5 Qa5 7. Bxf6 gxf6 8.
Nb3 Qg5 9. Nd5 Rb8 10. Nc7+ Kd8 11. Nd5 Qg6 12. Qd3 f5 13. Nd4 Qg7 14. c3 Nxd4
15. cxd4 Bd7 16. Rc1 e6 17. Ne3 fxe4 18. Qxe4 d5 19. Qf4 Bb4+ 20. Kd1 Ke7 21.
Bd3 Bd6 22. Qh4+ f6 23. Re1 Kf8 24. Ng4 Ke7 25. Ne3 Kf8 26. Kc2 Rc8+ 27. Kb1
Rxc1+ 28. Kxc1 Qg5 29. Qxg5 fxg5 30. Ng4 Ke7 31. Kb1 h5 32. Ne5 Be8 33. Kc2 Rf8
34. f3 Bb4 35. Rd1 Ba4+ 36. b3 Rc8+ 37. Kb1 Be8 38. Bc2 Bb5 39. h4 gxh4 40. Rh1
Rg8 41. Ng6+ Kf6 42. Nxh4 Bc3 43. f4 Bxd4 44. Nf3 Bc3 45. Ng5 e5 46. Rh3 d4 47.
fxe5+ Kxe5 48. Rxh5 Be2 49. Nf3+ Kd6 50. Be4 Rxg2 51. Rd5+ Ke7 52. Nxd4 Rf2 53.
Nxe2 1/2-1/2

[Event "España ch Sel. Autonomicas"]
[Site "Calvia ESP"]
[Date "2007.05.05"]
[Round "5.43"]
[White "De La Torre Suarez, Angel"]
[Black "Recuero Guerra, David"]
[Result "0-1"]
[WhiteElo "2157"]
[BlackElo "2372"]
[PlyCount "94"]
[EventDate "2007.05.03"]
[EventType "team"]
[EventRounds "5"]
[EventCountry "ESP"]
[Source "lmi"]
[SourceDate "2007.05.03"]

1. e4 c5 2. Nc3 a6 3. a4 e6 4. g3 d5 5. Bg2 d4 6. Nce2 d3 7. cxd3 Qxd3 8. Nf4
Qd8 9. b3 Nc6 10. Nge2 Nf6 11. Bb2 e5 12. Nd5 Nxd5 13. exd5 Nb4 14. O-O Bd6 15.
f4 Nd3 16. Bxe5 Nxe5 17. fxe5 Bxe5 18. Rc1 Bg4 19. h3 Bh5 20. g4 Bg6 21. Nf4
O-O 22. Nxg6 hxg6 23. Qf3 Qd6 24. Qd3 Rfe8 25. Kh1 Re7 26. Qc4 Bd4 27. b4 Qg3
28. Rf3 Re1+ 29. Rxe1 Qxe1+ 30. Rf1 Qg3 31. Rf3 Qd6 32. bxc5 Bxc5 33. Rf1 Re8
34. Rc1 Ba7 35. a5 Bb8 36. Kg1 Qh2+ 37. Kf1 Ba7 38. d4 Qf4+ 39. Kg1 Bxd4+ 40.
Kh1 Qd2 41. d6 Bf6 42. Rf1 Re3 43. g5 Rc3 44. Qg4 Be5 45. Qd7 Rg3 46. Qxf7+ Kh7
47. Qxb7 Rxh3+ 0-1

[Event "España ch Sel. Autonomicas"]
[Site "Calvia ESP"]
[Date "2007.05.05"]
[Round "5.44"]
[White "Andres Gonzalez, Ivan"]
[Black "Escobar Felix, Eduardo"]
[Result "1-0"]
[WhiteElo "2372"]
[BlackElo "2142"]
[PlyCount "129"]
[EventDate "2007.05.03"]
[EventType "team"]
[EventRounds "5"]
[EventCountry "ESP"]
[Source "lmi"]
[SourceDate "2007.05.03"]

1. e4 c5 2. Nc3 Nc6 3. Bb5 g6 4. Bxc6 bxc6 5. d3 Bg7 6. Nf3 Nf6 7. O-O O-O 8.
h3 d6 9. Bd2 Ba6 10. b3 Ne8 11. Re1 Nc7 12. Rc1 Ne6 13. Ne2 Nd4 14. Nexd4 cxd4
15. e5 dxe5 16. Nxe5 Qd5 17. f4 f6 18. Nf3 e5 19. fxe5 fxe5 20. Qe2 Rae8 21.
Ng5 Bc8 22. Ne4 a5 23. a4 h6 24. Rf1 Bf5 25. Rce1 g5 26. Qh5 Bxe4 27. Rxe4
Rxf1+ 28. Kxf1 Rf8+ 29. Kg1 Qc5 30. Qd1 Kh7 31. h4 Kg6 32. Rg4 Rf5 33. Re4 Bf8
34. Be1 Bd6 35. Qe2 Bc7 36. Bg3 Bd6 37. Bh2 h5 38. g4 hxg4 39. Rxg4 Qd5 40. Bg3
Bc7 41. Re4 Qc5 42. Rg4 Qd5 43. Qg2 Kh6 44. Qh3 Kg6 45. Rxg5+ Rxg5 46. hxg5
Kxg5 47. Bh4+ Kg6 48. Qg4+ Kf7 49. Qf5+ Ke8 50. Qc8+ Bd8 51. Bxd8 Qxd8 52.
Qxc6+ Kf7 53. Qc4+ Kg7 54. Kf1 Qf6+ 55. Ke2 Qg5 56. Qc7+ Kh8 57. Qxa5 Qg4+ 58.
Kd2 Qf4+ 59. Kd1 Qf1+ 60. Qe1 Qf3+ 61. Kc1 Qf4+ 62. Kb2 Qf6 63. Qe4 Qd6 64. a5
Qc7 65. a6 1-0

[Event "España ch Sel. Autonomicas"]
[Site "Calvia ESP"]
[Date "2007.05.05"]
[Round "5.45"]
[White "Garcia Ortega Mendez, Jose Manuel"]
[Black "Aguera Naredo, Javier"]
[Result "0-1"]
[WhiteElo "2102"]
[BlackElo "2365"]
[PlyCount "76"]
[EventDate "2007.05.03"]
[EventType "team"]
[EventRounds "5"]
[EventCountry "ESP"]
[Source "lmi"]
[SourceDate "2007.05.03"]

1. d4 Nf6 2. Nf3 d6 3. c3 Nbd7 4. Bg5 h6 5. Bh4 g5 6. Bg3 Nh5 7. e4 Bg7 8. Bc4
e6 9. Nbd2 Qe7 10. Qe2 f5 11. Ng1 Nhf6 12. exf5 exf5 13. f3 Nb6 14. Bb5+ Kf7
15. Qxe7+ Kxe7 16. O-O-O Kf7 17. h4 f4 18. hxg5 hxg5 19. Rxh8 Bxh8 20. Bf2 Bf5
21. g3 Nbd5 22. Re1 fxg3 23. Bxg3 Kg6 24. Ne4 Nh5 25. Bf2 Bg7 26. Ng3 Nxg3 27.
Bxg3 Bh6 28. Re8 Rxe8 29. Bxe8+ Kf6 30. Kd2 Nb6 31. Bb5 Bb1 32. a3 g4+ 33. Kd1
Be3 34. Bh4+ Kf5 35. Ne2 gxf3 36. Ng3+ Kg4 37. Nf1 Bf4 38. Bf2 c6 0-1

[Event "España ch Sel. Autonomicas"]
[Site "Calvia ESP"]
[Date "2007.05.05"]
[Round "5.46"]
[White "Fidalgo Fernandez, Lucia"]
[Black "Crespo Ramos, Maria"]
[Result "1-0"]
[WhiteElo "2073"]
[BlackElo "1592"]
[PlyCount "91"]
[EventDate "2007.05.03"]
[EventType "team"]
[EventRounds "5"]
[EventCountry "ESP"]
[Source "lmi"]
[SourceDate "2007.05.03"]

1. d4 d5 2. Nf3 Nf6 3. c4 e6 4. Nc3 Be7 5. cxd5 exd5 6. Bg5 h6 7. Bh4 O-O 8. e3
Bg4 9. Be2 Nbd7 10. Qc2 Rc8 11. O-O c5 12. Bg3 Re8 13. Rfd1 Nb6 14. dxc5 Bxc5
15. Nd4 Bxe2 16. Qxe2 Ne4 17. Ndb5 Nxc3 18. Nxc3 d4 19. Qg4 d3 20. Qf5 d2 21.
Ne4 Qe7 22. Nxd2 Bb4 23. Nf3 g6 24. Qh3 Rc5 25. Bd6 Rh5 26. Bxe7 Rxh3 27. Bxb4
Rh5 28. Rac1 Rb5 29. a3 a5 30. Rc5 Rxc5 31. Bxc5 Nc4 32. b3 Rc8 33. Be7 Nb6 34.
Rd8+ Kg7 35. Rxc8 Nxc8 36. Bd8 b6 37. Ne5 f5 38. Nc4 Kf7 39. Bxb6 Nxb6 40. Nxb6
Ke6 41. Nc4 a4 42. b4 Kd5 43. Nb6+ Kc6 44. Nxa4 Kb5 45. Nc3+ Kc4 46. b5 1-0

[Event "España ch Sel. Autonomicas"]
[Site "Calvia ESP"]
[Date "2007.05.05"]
[Round "5.51"]
[White "Garcia Roman, Daniel"]
[Black "Gonzalez Arribas, Vidal Alejandro"]
[Result "1-0"]
[WhiteElo "2425"]
[BlackElo "2289"]
[PlyCount "33"]
[EventDate "2007.05.03"]
[EventType "team"]
[EventRounds "5"]
[EventCountry "ESP"]
[Source "lmi"]
[SourceDate "2007.05.03"]

1. d4 d5 2. c4 e6 3. Nf3 c6 4. e3 Nf6 5. Bd3 Nbd7 6. Nbd2 Bd6 7. O-O O-O 8. e4
e5 9. cxd5 cxd5 10. exd5 exd4 11. Ne4 Nb6 12. Nxf6+ Qxf6 13. Bg5 Bxh2+ 14. Kxh2
Qd6+ 15. Kg1 Qxd5 16. Qb3 Qd6 17. Bc2 1-0

[Event "España ch Sel. Autonomicas"]
[Site "Calvia ESP"]
[Date "2007.05.05"]
[Round "5.52"]
[White "Adell Corts, Francisco"]
[Black "Torres Sanchez, Jose"]
[Result "1/2-1/2"]
[WhiteElo "2218"]
[BlackElo "2287"]
[PlyCount "50"]
[EventDate "2007.05.03"]
[EventType "team"]
[EventRounds "5"]
[EventCountry "ESP"]
[Source "lmi"]
[SourceDate "2007.05.03"]

1. e4 c5 2. c3 d5 3. exd5 Qxd5 4. d4 Nf6 5. Nf3 Bg4 6. Be2 e6 7. h3 Bh5 8. Na3
Nc6 9. Nb5 Rc8 10. Bf4 Qd7 11. dxc5 Bxc5 12. Nd6+ Bxd6 13. Bxd6 Nd5 14. Ba3 Nf4
15. g4 Bg6 16. Qxd7+ Kxd7 17. Rd1+ Ke8 18. Bd6 Nxe2 19. Kxe2 h5 20. Nh4 Be4 21.
f3 Bd5 22. b3 Rd8 23. Bg3 hxg4 24. hxg4 Ne7 25. Ng2 Rxh1 1/2-1/2

[Event "España ch Sel. Autonomicas"]
[Site "Calvia ESP"]
[Date "2007.05.05"]
[Round "5.53"]
[White "Cantero Navarro, Antonio"]
[Black "Pol Guiscafre, David"]
[Result "1-0"]
[WhiteElo "2246"]
[BlackElo "2112"]
[PlyCount "57"]
[EventDate "2007.05.03"]
[EventType "team"]
[EventRounds "5"]
[EventCountry "ESP"]
[Source "lmi"]
[SourceDate "2007.05.03"]

1. e4 e6 2. d4 d5 3. Nd2 dxe4 4. Nxe4 Nd7 5. Nf3 Ngf6 6. Nxf6+ Nxf6 7. Bd3 Be7
8. O-O O-O 9. Ne5 c5 10. dxc5 Bxc5 11. Qe2 Qc7 12. Bg5 Be7 13. c3 Nd5 14. Bxe7
Nxe7 15. Rad1 Ng6 16. f4 Nxe5 17. fxe5 g6 18. h4 b6 19. h5 Bb7 20. Rf6 Kg7 21.
Rdf1 Rad8 22. Bc2 Qc5+ 23. R6f2 Rd5 24. Qf3 Qe7 25. hxg6 hxg6 26. Qg3 Rdd8 27.
Rf6 Qc5+ 28. R1f2 Rh8 29. Rxf7+ 1-0

[Event "España ch Sel. Autonomicas"]
[Site "Calvia ESP"]
[Date "2007.05.05"]
[Round "5.54"]
[White "Gelabert Mari, Llorenc"]
[Black "Ribes Peris, Alvaro"]
[Result "1-0"]
[WhiteElo "2085"]
[BlackElo "2139"]
[PlyCount "75"]
[EventDate "2007.05.03"]
[EventType "team"]
[EventRounds "5"]
[EventCountry "ESP"]
[Source "lmi"]
[SourceDate "2007.05.03"]

1. e4 Nf6 2. e5 Nd5 3. d4 d6 4. exd6 cxd6 5. Nf3 g6 6. c3 Bg7 7. Bd3 O-O 8. O-O
Nc6 9. Na3 Nb6 10. Nc4 e5 11. dxe5 dxe5 12. Be3 Nxc4 13. Bxc4 Bg4 14. Qxd8
Raxd8 15. Bc5 Rfe8 16. Ng5 Rd7 17. h3 Bf5 18. Rfd1 Red8 19. Rxd7 Rxd7 20. g4
Na5 21. Bxf7+ Rxf7 22. Nxf7 Bd3 23. Ng5 b6 24. Rd1 e4 25. Bb4 Nc4 26. b3 Ne5
27. Ne6 Bf6 28. Nf4 Nf3+ 29. Kg2 Bc2 30. Rd7 Be5 31. Rd8+ Kg7 32. Ne6+ Kf6 33.
Nd4 Nh4+ 34. Kg1 Bb1 35. Rf8+ Kg7 36. Ne6+ Kh6 37. Be7 Nf3+ 38. Rxf3 1-0

[Event "España ch Sel. Autonomicas"]
[Site "Calvia ESP"]
[Date "2007.05.05"]
[Round "5.55"]
[White "Alameda Gadea, Aitana"]
[Black "Bujosa Ribas, Joan"]
[Result "1-0"]
[WhiteElo "1927"]
[BlackElo "2064"]
[PlyCount "45"]
[EventDate "2007.05.03"]
[EventType "team"]
[EventRounds "5"]
[EventCountry "ESP"]
[Source "lmi"]
[SourceDate "2007.05.03"]

1. c4 e5 2. Nc3 Nc6 3. g3 g6 4. Bg2 Bg7 5. e3 d6 6. Nge2 Be6 7. b3 Nge7 8. Ba3
d5 9. d4 exd4 10. exd4 Qd7 11. Qd2 dxc4 12. Rd1 Nd5 13. Nxd5 Bxd5 14. Qe3+ Be6
15. d5 O-O-O 16. O-O Bxd5 17. Rxd5 Qe8 18. Qxe8 Rdxe8 19. Rd2 cxb3 20. Bxc6
bxc6 21. axb3 Bh6 22. Rc2 Re4 23. Bc1 1-0